• 首页
  • 本馆介绍
  • 公告通知
  • 最新文献
  • 馆藏检索
  • 电子资源
  • 读者导购
  • 参考咨询
  • 我的图书馆
  • 登录
  • 详细信息显示
  • 放入我的书架
  • 预约/预借图书
  • 作者相关作品
  • 分类相关作品
  • 丛书相关作品
  • 出版社相关作品

书目信息

  • 表格格式
  • 工作单格式
  • 卡片格式
题名:
电工电子技术
    
 
作者: 刘绍丽 , 付雯 , 李国贞 主编
分册:  
出版信息: 北京   文化发展出版社有限公司  2021.2
页数: 132页
开本: 24cm
丛书名:
单 册:
中图分类: TM , TN
科图分类:
主题词: 电工技术 , 电子技术
电子资源:
ISBN: 978-7-5142-2728-4
000 01041nam0 2200277 45
001 012001002215
005 20211013153725.99
010    @a978-7-5142-2728-4@dCNY38.00
100    @a20190709d2019 em y0chiy0110 ea
101 0  @achi
102    @aCN@b110000
105    @ay z 000yy
106    @ar
200 1  @a电工电子技术@Adian gong dian zi ji shu@f刘绍丽,付雯,李国贞主编
210    @a北京@c文化发展出版社有限公司@d2021.2
215    @a132页@d24cm
330    @a本书首先介绍了电路的概念、电工电路、变压器与电动机、半导体与远算放大器的应用等基本理论知识,然后对电子电路进行了进一步的介绍,对脉冲信号与模拟信号理论与应用进行了详细地介绍。本书特点:1.本书根据电工电子的规范和法规进行编写,并接合实际教学经验,使得实用性较强。2.本书增加实例内容,使得内容丰富、指导性强。
606 0  @a电工技术
606 0  @a电子技术
690    @aTM@v5
690    @aTN@v5
701  0 @a刘绍丽@Aliu shao li@4主编
701  0 @a付雯@Afu wen@4主编
701  0 @a李国贞@Ali guo zhen@4主编
801  0 @aCN@bBJSDL@c20211011
905    @b1338875-8@dTM@e109@f4
    
    电工电子技术/刘绍丽,付雯,李国贞主编.-北京:文化发展出版社有限公司,2021.2
    132页;24cm
    
    
    ISBN 978-7-5142-2728-4:CNY38.00
    本书首先介绍了电路的概念、电工电路、变压器与电动机、半导体与远算放大器的应用等基本理论知识,然后对电子电路进行了进一步的介绍,对脉冲信号与模拟信号理论与应用进行了详细地介绍。本书特点:1.本书根据电工电子的规范和法规进行编写,并接合实际教学经验,使得实用性较强。2.本书增加实例内容,使得内容丰富、指导性强。
●
相关链接 在E读中查询图书 在五车中查询图书 在当当中查询图书 在豆瓣中查询图书


正题名:电工电子技术     索取号:TM/109         预约/预借

序号 登录号 条形码 馆藏地/架位号 状态 备注
1 1338875   213388751   第二样本阅览室/ [索取号:TM/109] 在馆    
2 1338876   213388760   第三借阅区/ [索取号:TM/109] 在馆    
3 1338877   213388779   第三借阅区/ [索取号:TM/109] 在馆    
4 1338878   213388788   第三借阅区/ [索取号:TM/109] 在馆    
唐山师范学院图书馆 欢迎您!
大连网信软件有限公司© 版权所有